| 000 | 00469nam a2200145Ia 4500 | ||
|---|---|---|---|
| 008 | 170221s9999 xx 000 0 und d | ||
| 100 | _aMohammad Rishad Faridi | ||
| 245 | _aMapping the Terrain of Business Education | ||
| 245 | _cMohammad Rishad Faridi, S. M. Arif, Harish Kumar | ||
| 260 | _bInternational Review of Management and Marketing | ||
| 260 | _c2016 | ||
| 300 | _a15 : 22 | ||
| 650 | _xMarketing. | ||
| 856 | _uhttp://www.econjournals.com/index.php/irmm | ||
| 999 |
_c311836 _d311836 |
||